[Event "II. CLANSKA LIGA ZAHOD 2023"]
[Site "Komenda"]
[Date "2023.11.25"]
[Round "7.1"]
[White "Cimperman, Teo"]
[Black "Bajzelj, Primoz"]
[Result "0-1"]
[WhiteElo "1640"]
[BlackElo "2027"]
[PlyCount "92"]
[EventDate "2023.11.25"]
[WhiteTeam "SK KOMENDA"]
[BlackTeam "SD RADOVLJICA"]

1. e4 Nf6 2. e5 Nd5 3. c4 Nb6 4. d4 d6 5. exd6 exd6 6. Nc3 Nc6 7. Nf3 Bg4 8.
Be2 Be7 9. b3 O-O 10. Be3 Re8 11. Rc1 Bf6 12. O-O a6 13. Qd2 d5 14. Rfd1 Ne7
15. h3 Bxf3 16. Bxf3 c6 17. Ne2 Nf5 18. Bf4 Nh4 19. Bg3 Nxf3+ 20. gxf3 Qd7 21.
Kh2 Qf5 22. f4 Re7 23. c5 Nd7 24. Nc3 Rae8 25. Rg1 Nf8 26. b4 Ne6 27. Ne2 Ng5
28. fxg5 Rxe2 29. Qc3 Bxg5 30. Rce1 Bd2 31. Rxe2 Rxe2 32. Qb3 Bf4 33. Rg2 g6
34. a4 Qe4 35. Qc3 h5 36. h4 Bxg3+ 37. Qxg3 Qxd4 38. Qg5 Qe5+ 39. Qxe5 Rxe5 40.
Rg3 Re4 41. Rb3 Rxh4+ 42. Kg3 Rc4 43. f4 Kg7 44. a5 Kf6 45. Kf3 Kf5 46. Kg3
Rxf4 0-1

[Event "II. CLANSKA LIGA ZAHOD 2023"]
[Site "Komenda"]
[Date "2023.11.25"]
[Round "7.2"]
[White "Prestrl, Jozef"]
[Black "Babarovic, Fran"]
[Result "1/2-1/2"]
[WhiteElo "1797"]
[BlackElo "1653"]
[PlyCount "61"]
[EventDate "2023.11.25"]
[WhiteTeam "SD RADOVLJICA"]
[BlackTeam "SK KOMENDA"]

1. Nf3 d5 2. d4 c6 3. h3 Nf6 4. e3 Bf5 5. Bd3 Bg6 6. Ne5 e6 7. Nd2 Nbd7 8. Ndf3
Bd6 9. Nxg6 hxg6 10. c3 e5 11. dxe5 Nxe5 12. Nxe5 Bxe5 13. Qc2 Qd7 14. Bd2
O-O-O 15. O-O-O Rhe8 16. Rhe1 Bc7 17. Re2 c5 18. Be1 Qc6 19. c4 b6 20. cxd5
Nxd5 21. Bc4 Qe6 22. Bxd5 Rxd5 23. b3 Red8 24. Red2 Qe5 25. Rxd5 Rxd5 26. Rxd5
Qxd5 27. f3 Qe5 28. Qc3 Qxc3+ 29. Bxc3 f6 30. Kd2 Kd7 31. Kd3 1/2-1/2

[Event "II. CLANSKA LIGA ZAHOD 2023"]
[Site "Komenda"]
[Date "2023.11.25"]
[Round "7.3"]
[White "Trpin, Alenka"]
[Black "Simnic, Franci"]
[Result "1/2-1/2"]
[WhiteElo "1716"]
[BlackElo "1685"]
[PlyCount "59"]
[EventDate "2023.11.25"]
[WhiteTeam "SK KOMENDA"]
[BlackTeam "SD RADOVLJICA"]

1. d4 d5 2. Bf4 c5 3. c3 Nc6 4. h3 Qb6 5. b3 cxd4 6. cxd4 Qxd4 7. Qxd4 Nxd4 8.
Kd2 Bf5 9. Nc3 e6 10. e3 Nc6 11. a3 Nf6 12. Nf3 a6 13. b4 Be7 14. Ne5 O-O 15.
Nxc6 bxc6 16. f3 c5 17. bxc5 Bxc5 18. Na4 Be7 19. Be2 Nd7 20. Rhc1 Rfc8 21.
Rxc8+ Rxc8 22. Bd3 Bf6 23. Rb1 g5 24. Bd6 Rc6 25. Bb8 h5 26. Rb7 Ne5 27. Bxe5
Bxe5 28. Bxf5 exf5 29. Rb6 Rd6 30. Rb8+ 1/2-1/2

[Event "II. CLANSKA LIGA ZAHOD 2023"]
[Site "Komenda"]
[Date "2023.11.25"]
[Round "7.4"]
[White "Kocevar, Tugomir"]
[Black "Zagar, Katarina"]
[Result "0-1"]
[WhiteElo "1720"]
[BlackElo "1157"]
[PlyCount "80"]
[EventDate "2023.11.25"]
[WhiteTeam "SD RADOVLJICA"]
[BlackTeam "SK KOMENDA"]

1. b4 d5 2. Bb2 Nf6 3. e3 e6 4. b5 c5 5. Nf3 Be7 6. a4 a6 7. c4 O-O 8. Be2 Bd7
9. O-O Be8 10. d4 Nbd7 11. Nbd2 cxd4 12. exd4 dxc4 13. Nxc4 Nb6 14. Nxb6 Qxb6
15. a5 Qd8 16. b6 Nd5 17. Bc4 Rc8 18. Qb3 Nf6 19. Rfe1 Bc6 20. Ne5 Bd5 21. Rac1
Bxc4 22. Rxc4 Rxc4 23. Qxc4 Nd5 24. g3 Bb4 25. Ra1 Qe7 26. Nd3 Bd6 27. Re1 Rd8
28. f4 Qd7 29. Ne5 Qc8 30. Rc1 Qxc4 31. Nxc4 Bf8 32. Ba3 Nb4 33. Rd1 Nc2 34.
Rd3 Bxa3 35. Nxa3 Nxd4 36. Kf2 Kf8 37. Nc2 Nc6 38. Rxd8+ Nxd8 39. Nb4 Ke7 40.
Ke3 Kd6 0-1

[Event "II. CLANSKA LIGA ZAHOD 2023"]
[Site "Komenda"]
[Date "2023.11.25"]
[Round "7.5"]
[White "Perme, Stanko"]
[Black "Krivec, Metod"]
[Result "0-1"]
[WhiteElo "1033"]
[BlackElo "1773"]
[PlyCount "102"]
[EventDate "2023.11.25"]
[WhiteTeam "SK KOMENDA"]
[BlackTeam "SD RADOVLJICA"]

1. e4 e6 2. d4 d5 3. exd5 exd5 4. Nc3 Nf6 5. Bg5 Be7 6. Be2 O-O 7. Nf3 Bf5 8.
Ne5 Nbd7 9. O-O c6 10. Re1 Re8 11. Qd2 Nxe5 12. dxe5 Ne4 13. Nxe4 Bxe4 14. Bxe7
Rxe7 15. Rad1 Rxe5 16. Bg4 Qb6 17. c3 Rae8 18. Re3 Bg6 19. Rxe5 Rxe5 20. c4 Qc5
21. Qc3 f6 22. b3 Bf7 23. h3 a5 24. Kh1 h5 25. Bf3 b6 26. Rd4 b5 27. Qd3 bxc4
28. bxc4 Qd6 29. g3 c5 30. Re4 d4 31. Rxe5 Qxe5 32. Qb3 Qe1+ 33. Kg2 Qb4 34.
Be2 Qxb3 35. axb3 g6 36. f4 Kf8 37. Kf3 Ke7 38. Bd3 Kd6 39. h4 Be8 40. g4 hxg4+
41. Kxg4 Bd7+ 42. f5 Bxf5+ 43. Bxf5 gxf5+ 44. Kf4 Ke6 45. Kf3 Kf7 46. h5 Kg7
47. Kg3 Kh6 48. Kf4 Kxh5 49. Kf3 Kg5 50. Kg3 f4+ 51. Kf3 Kf5 0-1

[Event "II. CLANSKA LIGA ZAHOD 2023"]
[Site "Komenda"]
[Date "2023.11.25"]
[Round "7.6"]
[White "Torkar, Boris"]
[Black "Perme, Lojze"]
[Result "1-0"]
[WhiteElo "1783"]
[BlackElo "1053"]
[PlyCount "39"]
[EventDate "2023.11.25"]
[WhiteTeam "SD RADOVLJICA"]
[BlackTeam "SK KOMENDA"]

1. d4 d5 2. c4 Nf6 3. e3 e6 4. Nf3 Nc6 5. Be2 b6 6. O-O Be7 7. Nc3 O-O 8. b3
Bb7 9. Bb2 Qd7 10. Re1 Rfe8 11. Na4 Rac8 12. c5 Nb4 13. a3 Na6 14. c6 Bxc6 15.
Ne5 Qd8 16. Nxc6 Qd7 17. Bxa6 Ra8 18. Bb7 Rab8 19. Nxb8 Rxb8 20. Bc6 1-0

[Event "II. CLANSKA LIGA ZAHOD 2023"]
[Site "Komenda"]
[Date "2023.11.25"]
[Round "7.1"]
[White "Skoberne, Jure"]
[Black "Rozman, Mitja"]
[Result "1-0"]
[WhiteElo "2538"]
[BlackElo "1984"]
[PlyCount "65"]
[EventDate "2023.11.25"]
[WhiteTeam "SD POSOCJE"]
[BlackTeam "DRUSTVO TOMO ZUPAN"]

1. e4 e5 2. Nf3 Nc6 3. Bb5 Nge7 4. O-O Ng6 5. d4 exd4 6. Nxd4 Bc5 7. Nf5 O-O 8.
Nc3 Nce7 9. Bd3 Nxf5 10. exf5 Ne5 11. Ne4 d6 12. Nxc5 dxc5 13. Be4 Qh4 14. f3
Rd8 15. Qe1 Qf6 16. g4 a5 17. Qc3 Nd7 18. Bf4 Qxc3 19. bxc3 c6 20. Rfd1 a4 21.
a3 Re8 22. c4 Ra6 23. Rab1 Nf6 24. Bd3 Nd7 25. Re1 Rd8 26. Bc7 Rf8 27. Bd6 Rd8
28. Be7 Re8 29. Bxc5 Ne5 30. Re3 Bd7 31. Rxb7 Ra5 32. Bd6 f6 33. Rxd7 1-0

[Event "II. CLANSKA LIGA ZAHOD 2023"]
[Site "Komenda"]
[Date "2023.11.25"]
[Round "7.2"]
[White "Orel Music, Simona"]
[Black "Srebrnic, Marko"]
[Result "0-1"]
[WhiteElo "1937"]
[BlackElo "2366"]
[PlyCount "80"]
[EventDate "2023.11.25"]
[WhiteTeam "DRUSTVO TOMO ZUPAN"]
[BlackTeam "SD POSOCJE"]

1. d4 Nf6 2. c4 d6 3. Nf3 g6 4. Nc3 Bf5 5. g3 Ne4 6. Nxe4 Bxe4 7. Bg2 Bg7 8.
O-O O-O 9. e3 Nd7 10. Bd2 Bd3 11. Re1 Bxc4 12. Qc2 Ba6 13. Rac1 c5 14. Bc3 Rc8
15. Qa4 cxd4 16. exd4 Nb6 17. Qa3 Qd7 18. b3 Nd5 19. Bd2 e6 20. Rxc8 Rxc8 21.
Rc1 Rxc1+ 22. Qxc1 Qc6 23. Bh6 Qxc1+ 24. Bxc1 Nc3 25. Bb2 Nxa2 26. Ng5 d5 27.
Nf3 Nb4 28. Ne5 Bb5 29. f4 f6 30. Nf3 Kf7 31. Bc3 Bf8 32. Kf2 Nc2 33. h4 Bd6
34. Bd2 Na1 35. f5 Nxb3 36. fxe6+ Kxe6 37. Be3 a5 38. h5 a4 39. Nd2 Bb4 40. Ke1
a3 0-1

[Event "II. CLANSKA LIGA ZAHOD 2023"]
[Site "Komenda"]
[Date "2023.11.25"]
[Round "7.3"]
[White "Biti, Ozren"]
[Black "Bobnar, Samo"]
[Result "1-0"]
[WhiteElo "2305"]
[BlackElo "1853"]
[PlyCount "79"]
[EventDate "2023.11.25"]
[WhiteTeam "SD POSOCJE"]
[BlackTeam "DRUSTVO TOMO ZUPAN"]

1. e4 d5 2. exd5 Nf6 3. Bb5+ Bd7 4. Be2 Nxd5 5. d4 Bf5 6. Nf3 e6 7. O-O Be7 8.
a3 O-O 9. c4 Nb6 10. Nc3 Nc6 11. Be3 Bf6 12. h3 Qd7 13. b4 Rad8 14. Qb3 Nxd4
15. Nxd4 Bxd4 16. Rad1 e5 17. Nb5 Rfe8 18. Bxd4 exd4 19. Nxd4 Qc8 20. c5 Nd5
21. c6 Nf4 22. Bc4 Bg6 23. Qf3 Re4 24. cxb7 Qxb7 25. Nf5 Rde8 26. Ng3 h6 27.
Nxe4 Qxe4 28. Rde1 Qxe1 29. Rxe1 Rxe1+ 30. Kh2 Re4 31. Bf1 Ne6 32. Qc3 Rf4 33.
Qe3 h5 34. Qxa7 h4 35. Qe3 Re4 36. Qc3 Rf4 37. Kg1 Be4 38. Bc4 Ng5 39. Qe3 Rf5
40. f4 1-0

[Event "II. CLANSKA LIGA ZAHOD 2023"]
[Site "Komenda"]
[Date "2023.11.25"]
[Round "7.4"]
[White "Logar, Metod"]
[Black "Beletic, Danijel"]
[Result "0-1"]
[WhiteElo "1989"]
[BlackElo "2243"]
[PlyCount "102"]
[EventDate "2023.11.25"]
[WhiteTeam "DRUSTVO TOMO ZUPAN"]
[BlackTeam "SD POSOCJE"]

1. e4 c5 2. Nf3 d6 3. d4 cxd4 4. Nxd4 Nf6 5. Nc3 g6 6. Be2 Bg7 7. O-O O-O 8.
Bg5 Nc6 9. Nb3 Be6 10. Kh1 a6 11. f4 Rc8 12. f5 Bd7 13. Bd3 Ne5 14. Qe2 b5 15.
Rae1 Re8 16. Nd1 Bc6 17. Nd4 Bb7 18. c3 d5 19. exd5 Nxd3 20. Qxd3 Qxd5 21. Re2
Ne4 22. Bh4 Qc4 23. Qxc4 Rxc4 24. Ne3 Ra4 25. Nec2 Rc4 26. a3 Rc5 27. Kg1 g5
28. Be1 Bf6 29. Bd2 Nd6 30. Ne3 h5 31. Rd1 Rd8 32. Rf1 Ne4 33. Nec2 Nd6 34. Bc1
Be4 35. Ref2 Bd3 36. Rd1 Be4 37. Rdf1 Kg7 38. Be3 Rcc8 39. Bc1 Bd5 40. Re1 Ne4
41. Rfe2 Nc5 42. Re3 g4 43. R3e2 Nd3 44. Rd1 Bc4 45. Re4 Bd5 46. Re2 Bc4 47.
Re4 Nxc1 48. Rxc1 Bd3 49. Ree1 Bxc2 50. Nxc2 Rd2 51. Kf1 Rc5 0-1

[Event "II. CLANSKA LIGA ZAHOD 2023"]
[Site "Komenda"]
[Date "2023.11.25"]
[Round "7.5"]
[White "Hozjan, Erik"]
[Black "Demsar, Maks"]
[Result "1-0"]
[WhiteElo "1899"]
[BlackElo "1532"]
[PlyCount "122"]
[EventDate "2023.11.25"]
[WhiteTeam "SD POSOCJE"]
[BlackTeam "DRUSTVO TOMO ZUPAN"]

1. e4 e5 2. Nf3 Nc6 3. Bc4 Bc5 4. c3 Nf6 5. d3 d6 6. O-O a6 7. Re1 O-O 8. Nbd2
Ba7 9. a4 Be6 10. b4 Bxc4 11. Nxc4 Re8 12. Bg5 h6 13. Bh4 g5 14. Bg3 b5 15. Ne3
Bxe3 16. fxe3 Qd7 17. Rf1 Kg7 18. Qe2 Ne7 19. Nd2 Ng6 20. Rf5 Ne7 21. Rf2 a5
22. bxa5 Rxa5 23. Raf1 Neg8 24. axb5 Nh7 25. Rxf7+ Qxf7 26. Rxf7+ Kxf7 27. Qh5+
Kf8 28. h4 Re7 29. b6 cxb6 30. Nc4 Ra1+ 31. Kh2 Nhf6 32. Qf3 Ke8 33. Nxd6+ Kd7
34. Nf5 Re8 35. Ng7 Re7 36. Nh5 Re6 37. d4 Nxh5 38. Qxh5 Rf6 39. Qg4+ Kd8 40.
Bxe5 Rff1 41. Qe6 gxh4 42. Qxg8+ Kd7 43. Qd5+ Ke8 44. Qe6+ Kd8 45. Qxb6+ Ke8
46. Qe6+ Kd8 47. Bf6+ Kc7 48. Kh3 Rh1+ 49. Kg4 Rhg1 50. Bxh4 Rxg2+ 51. Bg3+ Kd8
52. Qxh6 Rag1 53. Qd6+ Ke8 54. c4 Rf2 55. e5 Rf7 56. e6 Rg7+ 57. Kf3 Rf1+ 58.
Ke4 Rg4+ 59. Bf4 Rg7 60. Qc6+ Ke7 61. Qd7+ Kf6 1-0

[Event "II. CLANSKA LIGA ZAHOD 2023"]
[Site "Komenda"]
[Date "2023.11.25"]
[Round "7.6"]
[White "Bobnar, Vid"]
[Black "Zlatanovic, Marcus"]
[Result "1/2-1/2"]
[WhiteElo "1835"]
[BlackElo "1741"]
[PlyCount "68"]
[EventDate "2023.11.25"]
[WhiteTeam "DRUSTVO TOMO ZUPAN"]
[BlackTeam "SD POSOCJE"]

1. e4 c5 2. Nc3 Nc6 3. f4 g6 4. Nf3 Bg7 5. Bb5 Nd4 6. Bc4 d6 7. h3 e6 8. a4
Nxf3+ 9. Qxf3 Ne7 10. Bb5+ Bd7 11. Bxd7+ Qxd7 12. Ne2 Nc6 13. c3 O-O 14. O-O f5
15. d3 a6 16. Be3 b5 17. axb5 axb5 18. e5 Rxa1 19. Rxa1 dxe5 20. Bxc5 Rc8 21.
Bf2 b4 22. cxb4 Nxb4 23. Ra7 Rc7 24. Rxc7 Qxc7 25. fxe5 Bxe5 26. d4 Bd6 27. Qb3
Nd5 28. Bh4 Nf4 29. Qe3 Nxe2+ 30. Qxe2 Kf7 31. Qd2 Bf4 32. Qc3 Qa7 33. Kf1 Qa6+
34. Kg1 Qb7 1/2-1/2

[Event "II. CLANSKA LIGA ZAHOD 2023"]
[Site "Komenda"]
[Date "2023.11.25"]
[Round "7.1"]
[White "Jukan, Nesib"]
[Black "Bulic, Josip"]
[Result "1/2-1/2"]
[WhiteElo "1949"]
[BlackElo "2236"]
[PlyCount "138"]
[EventDate "2023.11.25"]
[WhiteTeam "SK TRZIN"]
[BlackTeam "SD PIRAN"]

1. d4 d5 2. Nf3 Nf6 3. c3 Bf5 4. Bf4 e6 5. e3 Bd6 6. Bd3 Bxf4 7. Bxf5 Bd6 8.
Bd3 O-O 9. O-O c5 10. Nbd2 Nc6 11. dxc5 Bxc5 12. e4 Bd6 13. Qe2 Qc7 14. Rfe1
Bf4 15. Nf1 Rfd8 16. Rad1 Bh6 17. Ng3 Qa5 18. Bb1 g6 19. a3 Qb6 20. Nd4 Nxd4
21. Rxd4 dxe4 22. Rb4 Qc7 23. Bxe4 Rab8 24. Rd1 b6 25. Rbd4 Rxd4 26. Rxd4 Bg7
27. Rd3 Qf4 28. Bf3 h5 29. Qd2 Qe5 30. Qe2 Qc7 31. Qd2 Rf8 32. Ne2 e5 33. Ng3
Qc4 34. Qe2 Kh7 35. Ne4 Nxe4 36. Bxe4 f5 37. Bd5 Qc5 38. c4 e4 39. Rd1 Re8 40.
b4 Qe7 41. Bc6 Rd8 42. Rxd8 Qxd8 43. Bd5 Qf6 44. Qa2 Qc3 45. g3 f4 46. gxf4
Qc1+ 47. Kg2 Qxf4 48. Qe2 Be5 49. Qxe4 Qxh2+ 50. Kf1 Kg7 51. c5 bxc5 52. bxc5
Qh3+ 53. Ke2 Qc3 54. c6 Kf6 55. Qf3+ {(=)} Qxf3+ 56. Kxf3 g5 57. a4 Bc7 58. Kg2
Ke5 59. Bf7 h4 60. Bh5 Kd6 61. f3 Kxc6 62. Kh3 Kc5 63. Kg4 Kd4 64. Be8 Ke3 65.
Bc6 Kf2 66. Bd5 Bf4 67. Kh3 a5 68. Bc6 Kg1 69. Bd5 Kf2 1/2-1/2

[Event "II. CLANSKA LIGA ZAHOD 2023"]
[Site "Komenda"]
[Date "2023.11.25"]
[Round "7.2"]
[White "Suc, Timothy"]
[Black "Krumpak, Hinko"]
[Result "0-1"]
[WhiteElo "2030"]
[BlackElo "2008"]
[PlyCount "88"]
[EventDate "2023.11.25"]
[WhiteTeam "SD PIRAN"]
[BlackTeam "SK TRZIN"]

1. d4 g6 2. c4 Bg7 3. Nf3 d6 4. Nc3 Bg4 5. g3 Qc8 6. Bg2 Bh3 7. Bxh3 Qxh3 8.
Qb3 Qc8 9. O-O Nf6 10. Kg2 O-O 11. Nd5 Nc6 12. Nxf6+ Bxf6 13. Bh6 Re8 14. Rad1
e5 15. d5 Nd4 16. Nxd4 exd4 17. Qf3 Bh8 18. b3 f5 19. e3 dxe3 20. Bxe3 Re4 21.
h4 h5 22. Rd3 b6 23. Rfd1 Qd7 24. Bd4 Rae8 25. Bxh8 Kxh8 26. Rd4 Qg7 27. Rxe4
Rxe4 28. Rd2 Qe5 29. Rd3 Kg7 30. Re3 Kf6 31. Rxe4 Qxe4 32. Qxe4 fxe4 33. Kf1
Ke5 34. Ke2 Kd4 35. Kd2 b5 36. cxb5 Kxd5 37. Ke3 Ke5 38. Kd2 Kd4 39. Ke2 e3 40.
f3 d5 41. a4 Ke5 42. Kd3 d4 43. Ke2 Kf5 44. Kd3 g5 0-1

[Event "II. CLANSKA LIGA ZAHOD 2023"]
[Site "Komenda"]
[Date "2023.11.25"]
[Round "7.3"]
[White "Rojs, Igor"]
[Black "Pregarac, Valter"]
[Result "1-0"]
[WhiteElo "1909"]
[BlackElo "2154"]
[PlyCount "83"]
[EventDate "2023.11.25"]
[WhiteTeam "SK TRZIN"]
[BlackTeam "SD PIRAN"]

1. c4 e6 2. Nc3 c5 3. e3 Nf6 4. Nf3 Be7 5. d4 cxd4 6. Nxd4 O-O 7. Be2 d6 8. Bf3
Nbd7 9. O-O Ne5 10. Be2 Bd7 11. b3 Qc7 12. Ndb5 Qb8 13. Ba3 Ne8 14. f4 Ng6 15.
g3 a6 16. Nd4 Nf6 17. Bf3 Rd8 18. Qc2 Qc7 19. Rfd1 Rac8 20. Rac1 Qb8 21. Qb1 b5
22. cxb5 axb5 23. Bb4 Qb6 24. Qd3 e5 25. Nde2 exf4 26. gxf4 Nh4 27. Bh1 Nf5 28.
Nd4 g6 29. Nxf5 Bxf5 30. Qd4 Qc6 31. Bf3 Rd7 32. Be2 Qb7 33. Nxb5 Rxc1 34. Rxc1
Bh3 35. e4 Bd8 36. Nxd6 Bb6 37. Bc5 Rxd6 38. Qxd6 Bxc5+ 39. Qxc5 Qxe4 40. Qf2
Nd5 41. Bf1 Nxf4 42. Rc4 1-0

[Event "II. CLANSKA LIGA ZAHOD 2023"]
[Site "Komenda"]
[Date "2023.11.25"]
[Round "7.4"]
[White "Ribicic, Marko"]
[Black "Borisek, Anze"]
[Result "0-1"]
[WhiteElo "1757"]
[BlackElo "1882"]
[PlyCount "25"]
[EventDate "2023.11.25"]
[WhiteTeam "SD PIRAN"]
[BlackTeam "SK TRZIN"]

1. e3 d5 2. d4 c6 3. Nf3 e6 4. c4 f5 5. Nc3 Nf6 6. Bd3 Bd6 7. c5 Bc7 8. O-O
Nbd7 9. Ng5 Bxh2+ 10. Kh1 Ng4 11. e4 dxe4 12. Bxe4 Ndf6 13. Bf3 0-1

[Event "II. CLANSKA LIGA ZAHOD 2023"]
[Site "Komenda"]
[Date "2023.11.25"]
[Round "7.6"]
[White "Cvitkovic, Aljaz"]
[Black "Borstnik, Ales"]
[Result "0-1"]
[WhiteElo "1000"]
[BlackElo "1799"]
[PlyCount "106"]
[EventDate "2023.11.25"]
[WhiteTeam "SD PIRAN"]
[BlackTeam "SK TRZIN"]

1. c4 Nf6 2. Nc3 g6 3. e4 d6 4. d4 Bg7 5. f4 e5 6. fxe5 dxe5 7. d5 a6 8. Nf3
Bg4 9. Be2 Bxf3 10. Bxf3 Qd6 11. Be3 Nbd7 12. O-O O-O 13. Rc1 b6 14. a3 c5 15.
Qa4 Rfc8 16. Be2 Bf8 17. Rfd1 Qc7 18. b4 b5 19. Qc2 cxb4 20. axb4 Bxb4 21. Qb3
Bc5 22. Nb1 Qa7 23. Rd3 bxc4 24. Rxc4 Bxe3+ 25. Rxe3 Rcb8 26. Qd3 Rxb1+ 27.
Qxb1 Qxe3+ 28. Kf1 Rb8 29. Qc2 Nb6 30. Rc3 Qd4 31. Bf3 Kg7 32. Rc6 a5 33. Qa2
Nbd7 34. Rc4 Qd3+ 35. Be2 Rb1+ 36. Kf2 Nxe4+ 37. Rxe4 Qxe4 38. Qxa5 Rb2 39. Qa6
Qxe2+ 40. Qxe2 Rxe2+ 41. Kxe2 f5 42. Ke3 Kf7 43. Kf3 Ke7 44. Kg3 Kd6 45. Kh4
Kxd5 46. Kg5 Nc5 47. Kh6 e4 48. Kxh7 g5 49. Kg6 Ne6 50. Kxf5 e3 51. Kg4 e2 52.
Kh3 e1=Q 53. g3 Qe4 0-1

[Event "II. CLANSKA LIGA ZAHOD 2023"]
[Site "Komenda"]
[Date "2023.11.25"]
[Round "7.1"]
[White "Vodnik, Val"]
[Black "Zamar Kodelja, Jurij"]
[Result "0-1"]
[WhiteElo "1556"]
[BlackElo "2245"]
[PlyCount "30"]
[EventDate "2023.11.25"]
[WhiteTeam "SD VRHNIKA"]
[BlackTeam "SK NOVA GORICA"]

1. d4 d5 2. c4 c6 3. Nf3 Nf6 4. Nc3 dxc4 5. a4 Bf5 6. e3 e6 7. Bxc4 Bb4 8. O-O
O-O 9. Bd2 c5 10. Re1 Nc6 11. Ne2 Bxd2 12. Qxd2 Bg4 13. dxc5 Bxf3 14. Qxd8
Raxd8 15. gxf3 Ne5 0-1

[Event "II. CLANSKA LIGA ZAHOD 2023"]
[Site "Komenda"]
[Date "2023.11.25"]
[Round "7.2"]
[White "Herega, Nejc"]
[Black "Redek, Leon"]
[Result "1-0"]
[WhiteElo "2236"]
[BlackElo "1551"]
[PlyCount "63"]
[EventDate "2023.11.25"]
[WhiteTeam "SK NOVA GORICA"]
[BlackTeam "SK TRZIN"]

1. Nf3 d5 2. d4 e6 3. c4 Nf6 4. g3 Nbd7 5. Bg2 Be7 6. O-O O-O 7. Qc2 b6 8. cxd5
Nxd5 9. Nc3 Bb7 10. e4 Nxc3 11. bxc3 c5 12. Qe2 cxd4 13. cxd4 Nf6 14. d5 exd5
15. e5 Ne4 16. Bb2 Bc5 17. Nd4 Bxd4 18. Bxd4 Qe7 19. f4 Rac8 20. f5 Qa3 21. f6
g6 22. Qg4 Rfe8 23. Qf4 Rc4 24. Rad1 Nc5 25. Bh3 Ne6 26. Bxe6 Rxe6 27. Rf2 Qb4
28. h4 Re8 29. h5 Rxd4 30. Rxd4 Qe1+ 31. Kg2 Qxe5 32. Qh6 1-0

[Event "II. CLANSKA LIGA ZAHOD 2023"]
[Site "Komenda"]
[Date "2023.11.25"]
[Round "7.3"]
[White "Zlindra, Aljaz"]
[Black "Gregoric, Andraz"]
[Result "0-1"]
[WhiteElo "1376"]
[BlackElo "2171"]
[PlyCount "80"]
[EventDate "2023.11.25"]
[WhiteTeam "SK TRZIN"]
[BlackTeam "SK NOVA GORICA"]

1. e4 e5 2. Nc3 Nf6 3. f4 d5 4. fxe5 Nxe4 5. Qf3 f5 6. d3 Nxc3 7. bxc3 d4 8.
Be2 Be7 9. c4 O-O 10. Nh3 Nc6 11. Bf4 Bb4+ 12. Kf2 Qe7 13. Qg3 Re8 14. Rab1 a5
15. Bh5 Rf8 16. Bf3 Ra6 17. Ng5 Nd8 18. Bd5+ Kh8 19. h4 c6 20. Bf3 Be6 21. a4
Bg8 22. h5 h6 23. Nh3 Re8 24. Rhf1 Nf7 25. Kg1 Nxe5 26. Bc1 Bh7 27. Bd1 Qd6 28.
Bf4 Qf6 29. Rxb4 axb4 30. Re1 Ra5 31. Re2 Re6 32. Qe1 Bg8 33. Qxb4 Ra8 34. Qxb7
Rxa4 35. Bxe5 Rxe5 36. Nf4 Rxe2 37. Ng6+ Qxg6 38. hxg6 Ra1 39. Qxc6 Rxd1+ 40.
Kh2 Rdd2 0-1

[Event "II. CLANSKA LIGA ZAHOD 2023"]
[Site "Komenda"]
[Date "2023.11.25"]
[Round "7.4"]
[White "Markocic, Tine"]
[Black "Sever, Gasper"]
[Result "1/2-1/2"]
[WhiteElo "2059"]
[BlackElo "1406"]
[PlyCount "61"]
[EventDate "2023.11.25"]
[WhiteTeam "SK NOVA GORICA"]
[BlackTeam "SK TRZIN"]

1. e4 e5 2. Bc4 Nf6 3. d3 c6 4. Nf3 d5 5. Bb3 Bd6 6. Nc3 dxe4 7. Ng5 O-O 8.
Ncxe4 Nxe4 9. Nxe4 Bf5 10. Ng3 Qd7 11. O-O Na6 12. h3 Nc5 13. Be3 Be6 14. Bxc5
Bxc5 15. Qe2 Bxb3 16. axb3 Rae8 17. Ra5 b5 18. Ne4 Bb6 19. Raa1 f5 20. Nd2 Rf6
21. Kh1 f4 22. Ne4 Rh6 23. Qf3 Rf8 24. c4 Rf5 25. c5 Bd8 26. d4 Rfh5 27. Kh2
exd4 28. Rfd1 g5 29. Rxd4 Qxd4 30. Rd1 Qe5 31. Rxd8+ 1/2-1/2

[Event "II. CLANSKA LIGA ZAHOD 2023"]
[Site "Komenda"]
[Date "2023.11.25"]
[Round "7.5"]
[White "Petek, Val"]
[Black "Markocic, Spela"]
[Result "0-1"]
[WhiteElo "1000"]
[BlackElo "1810"]
[PlyCount "50"]
[EventDate "2023.11.25"]
[WhiteTeam "SK TRZIN"]
[BlackTeam "SK NOVA GORICA"]

1. d4 Nf6 2. c4 g6 3. Nc3 Bg7 4. g3 d6 5. Bg2 O-O 6. e3 Na6 7. Nge2 c5 8. O-O
Rb8 9. Nb5 Ra8 10. b3 Nc7 11. Nxc7 Qxc7 12. Bb2 Rb8 13. dxc5 Qxc5 14. Bd4 Qa5
15. Qc2 h6 16. Qc3 Qh5 17. Bxf6 Bxf6 18. Nd4 Bh3 19. Rad1 Rfc8 20. Qd2 Bxg2 21.
Kxg2 a6 22. Ne2 g5 23. Nc3 Bxc3 24. Qxc3 g4 25. Rd5 Qxd5+ 0-1

[Event "II. CLANSKA LIGA ZAHOD 2023"]
[Site "Komenda"]
[Date "2023.11.25"]
[Round "7.6"]
[White "Vicic, Mark"]
[Black "Vidovic, Patrik"]
[Result "1-0"]
[WhiteElo "1734"]
[BlackElo "1000"]
[PlyCount "65"]
[EventDate "2023.11.25"]
[WhiteTeam "SK NOVA GORICA"]
[BlackTeam "SK TRZIN"]

1. b3 d5 2. Bb2 Nc6 3. e3 e5 4. Bb5 f6 5. d4 e4 6. c4 Be6 7. Nc3 Nge7 8. Nge2
g5 9. Ng3 Qd7 10. cxd5 Bxd5 11. Ngxe4 Bxe4 12. Nxe4 Nd5 13. Qh5+ Kd8 14. Nc5
Qe7 15. Nxb7+ Kc8 16. Bxc6 Nb4 17. Nd6+ cxd6 18. Bxa8 Nc2+ 19. Ke2 Nxa1 20.
Rxa1 Qe6 21. Rc1+ Kb8 22. Qf3 Qd7 23. Qc6 Qxc6 24. Bxc6 Be7 25. d5 Kc7 26. Bd4
a6 27. Bc3 Kb6 28. Bd4+ Kc7 29. Rc4 Rg8 30. Ra4 Rg7 31. Rxa6 Kb8 32. Bb6 Bd8
33. Ra8# 1-0